Game of Thrones Bastard Names Quiz Stats

 Plays Quiz Updated Dec 11, 2017

Score 0/9 Timer 03:00
2 Plays Today
Region Name % Correct
The NorthSnow
99.4%
DorneSand
89.8%
The RiverlandsRivers
61.8%
StormlandsStorm
61%
The ValeStone
54.5%
The ReachFlowers
49.9%
CrownlandsWaters
44.6%
Iron IslandsPyke
41.5%
The WesterlandsHill
35.3%

You're not logged in!

Compare scores with friends on all Sporcle quizzes.
OR
Log In

Sporcle TV

Today on Sporcle TV


Watch our educational content, quiz creation guides, and fun videos on Sporcle TV.

Show Comments

Extras

Top Quizzes Today


Score Distribution

Your Account Isn't Verified!

In order to create a playlist on Sporcle, you need to verify the email address you used during registration. Go to your Sporcle Settings to finish the process.

Report this User

Report this user for behavior that violates our Community Guidelines.

Details: